Sinh học phát triển cá thể động vật

Saved in:
Bibliographic Details
Main Author: Mai, Văn Hưng
Format: Book
Language:Undetermined
Published: Hà Nội Đại học Sư phạm 2003
Subjects:
Tags: Add Tag
No Tags, Be the first to tag this record!
Institutions: Trung tâm Học liệu Trường Đại học Cần Thơ
LEADER 00547nam a2200193Ia 4500
001 CTU_60192
008 210402s9999 xx 000 0 und d
020 |b 12500 
082 |a 571.81 
082 |b H556 
100 |a Mai, Văn Hưng 
245 0 |a Sinh học phát triển cá thể động vật 
245 0 |c Mai Văn Hưng 
260 |a Hà Nội 
260 |b Đại học Sư phạm 
260 |c 2003 
650 |a Animal physiology 
904 |i Hạ Nguyên 
980 |a Trung tâm Học liệu Trường Đại học Cần Thơ